000 00565nam a2200181 a 4500
005 20140310183345.0
008 070209s19uu xx 00 eng d
020 _a0321441656
050 _aT 385
_b.K66 2006
100 _aKloskowski, Matt
245 _aThe Photoshop CS2 Speed Clinic :
_bautomating Photoshop to get twice the work done in half the time. /
_cMatt Kloskowski
300 _a238 p. :
_bill. col. ;
_c23 cm.
650 _aAdobe Photoshop.
650 _aImage processing.
650 _aComputer graphics.
942 _cBK
_2lcc
_kFOR
999 _c21936
_d21936